| 000 | 00421 a2200133 4500 | ||
|---|---|---|---|
| 001 | 91330 | ||
| 082 | _aPR 1226 | ||
| 090 |
_c43445 _d43444 |
||
| 100 | _aMalik Imran-e-Adalat; Prof Ismail (Advisor) | ||
| 245 |
_aTo Develop a Computer Code for Subsonic floe over the wings by using Singularity Distribution method _n45 "A" EC |
||
| 260 |
_aKarachi _bNED University _c1996 |
||
| 300 | _a60p | ||
| 500 | _aBE Project Reports | ||
| 942 |
_aCAE NUST _kPR 1226 |
||
| 999 |
_c326403 _d326403 |
||